Normal view
MARC view
- POZNER,VLADIMIR
Entry Personal Name
001 - CONTROL NUMBER
- control field: 134239
003 - CONTROL NUMBER IDENTIFIER
- control field: NUST
005 - DATE AND TIME OF LATEST TRANSACTION
- control field: 20260423101551.0
008 - FIXED-LENGTH DATA ELEMENTS
- fixed length control field: 260423|| aca||aabn | a|a d
040 ## - CATALOGING SOURCE
- Original cataloging agency: NUST
- Transcribing agency: NUST
100 ## - HEADING--PERSONAL NAME
- Personal name: POZNER,VLADIMIR
670 ## - SOURCE DATA FOUND
- Source citation: Work cat.: (NUST): POZNER,VLADIMIR., EYEWITNESS A PERSONAL ACCOUNT OF THE UNRAVELING OF THE SOVIET UNION /, 1992.
